Culture Générale - Série 2087 - Statistiques

Statistiques générales
  • Ce quiz a été pris 109 fois
  • Le résultat moyen est 7 sur 10
Statistiques - réponses
Question Réponse % Correct
Combien de côtés possède un pentagone ? cinq
93%
Quelle ville surnomme-t-on « la ville éternelle » ? Rome
83%
Quelle femme afro-américaine, prénommée Rosa, est devenue le symbole de la lutte antiségrégationniste aux États-Unis ? voir photo Rosa Parks
74%
Quel est le nom du mâle né du croisement d'un âne et d'une jument ? mulet
72%
Qui est l’auteur de « Voyage au bout de la nuit » ? Louis-Ferdinand Céline
68%
À quel écrivain doit-on la « Divine Comédie » ? Dante
67%
Quelle ville française associe-t-on au mot "image" ? Epinal
62%
Qui a fondé l’Académie française ? Richelieu
62%
Dans quel film Mel Gibson incarne-t-il William Wallace, Écossais en lutte contre le roi d’Angleterre ? Braveheart
50%
Quel chanteur britannique interprète “Let’s dance” en 1983 ? David Bowie
50%
Aucun quiz correspondant
Distribution des résultats
% des personnes avec chaque résultat
Percentile par nombre de réponses
Votre historique - résultats
Vous n’avez pas pris ce quiz